[Event "FIN-chT 2223"]
[Site "Finland"]
[Date "2022.11.12"]
[Round "6.6"]
[White "Haapasalo, Jukka Pekka"]
[Black "Kytoniemi, Jyrki"]
[Result "1/2-1/2"]
[WhiteElo "2075"]
[BlackElo "2192"]
[PlyCount "74"]
[EventDate "2022.09.24"]
[EventType "team-tourn"]
[EventRounds "11"]
[EventCountry "FIN"]
[SourceTitle "EXT 2024"]
[Source "ChessBase"]
[SourceDate "2023.10.10"]
[SourceVersion "1"]
[SourceVersionDate "2023.10.10"]
[SourceQuality "1"]
[WhiteTeam "Salo SalSK"]
[BlackTeam "Tampere Tammer"]
[WhiteTeamCountry "FIN"]
[BlackTeamCountry "FIN"]

1. Nf3 e6 2. g3 b5 3. Bg2 Bb7 4. 0-0 Nf6 5. d3 d5 6. Qe1 c5 7. e4 Be7 8. Bg5 dxe4 9. Nfd2 Nc6 10. dxe4 Nd4 11. Qd1 e5 12. Re1 0-0 13. Bxf6 Bxf6 14. Nc3 a6 15. Nd5 Rb8 16. c3 Ne6 17. Qe2 Nc7 18. Rad1 c4 19. Nxc7 Qxc7 20. Nf1 Rbd8 21. Ne3 Rxd1 22. Rxd1 Rd8 23. h4 g6 24. h5 Bg5 25. hxg6 hxg6 26. Nd5 Bxd5 27. Rxd5 Rxd5 28. exd5 f5 29. g4 Bf4 30. gxf5 gxf5 31. Qh5 Qf7 32. Qd1 e4 33. d6 Qd7 34. Qd5+ Kg7 35. Bh3 Kf6 36. Kf1 Be5 37. Qxe4 fxe4 1/2-1/2

[Event "Salo We Tomi Tocklin 50v"]
[Site "Salo"]
[Date "2018.02.18"]
[Round "7"]
[White "Linden, Lari"]
[Black "Haapasalo, Jukka Pekka"]
[Result "1-0"]
[WhiteElo "2134"]
[BlackElo "2056"]
[PlyCount "103"]
[EventDate "2018.02.??"]
[EventType "swiss"]
[EventRounds "7"]
[EventCountry "FIN"]
[SourceTitle "EXT 2022"]
[Source "ChessBase"]
[SourceDate "2021.10.06"]
[SourceVersion "1"]
[SourceVersionDate "2021.10.06"]
[SourceQuality "1"]

1. d4 Nf6 2. c4 Nc6 3. Nf3 e6 4. g3 Bb4+ 5. Bd2 Qe7 6. Bg2 0-0 7. 0-0 Bxd2 8. Qxd2 d6 9. Nc3 a5 10. e4 e5 11. h3 Re8 12. Rfe1 exd4 13. Nxd4 Nxd4 14. Qxd4 Be6 15. Rad1 c6 16. b3 Red8 17. f4 Qc7 18. f5 Bd7 19. Qxd6 Qb6+ 20. Qd4 Qc7 21. Qf2 Qe5 22. Re3 Re8 23. Red3 Re7 24. Qd4 Qxd4+ 25. Rxd4 Be8 26. Rd8 Ra6 27. Rb8 Kf8 28. Rdd8 Ra7 29. Kf2 Nd7 30. Ra8 Rxa8 31. Rxa8 Re5 32. Ke3 f6 33. Ne2 Ke7 34. Nf4 Kd6 35. Nd3 Re7 36. Rxa5 Bf7 37. c5+ Kc7 38. Ra8 Nb8 39. Bf1 g6 40. g4 gxf5 41. gxf5 Bd5 42. Bg2 Bg8 43. Bf3 Rg7 44. e5 fxe5 45. Nxe5 Bd5 46. f6 Rg8 47. Bxd5 cxd5 48. f7 Rd8 49. b4 d4+ 50. Kd3 Rf8 51. b5 Kc8 52. b6 1-0

[Event "Naantali Avoin op"]
[Site "Naantali"]
[Date "2017.07.07"]
[Round "7"]
[White "Haapasalo, Jukka Pekka"]
[Black "Haddara, Marwan"]
[Result "1/2-1/2"]
[WhiteElo "2086"]
[BlackElo "1829"]
[PlyCount "81"]
[EventDate "2017.07.03"]
[EventType "swiss"]
[EventRounds "7"]
[EventCountry "FIN"]
[SourceTitle "EXT 2018"]
[Source "ChessBase"]
[SourceDate "2017.10.13"]
[SourceVersion "1"]
[SourceVersionDate "2017.10.13"]
[SourceQuality "1"]

1. Nf3 Nf6 2. g3 g6 3. c4 Bg7 4. Bg2 0-0 5. 0-0 d6 6. d4 Nbd7 7. Nc3 c5 8. d5 a6 9. a4 Rb8 10. h3 b6 11. Re1 b5 12. axb5 axb5 13. Nxb5 Nb6 14. Qd3 Bd7 15. Nc3 e6 16. e4 exd5 17. cxd5 Re8 18. Bf4 Bc8 19. g4 h5 20. g5 Nh7 21. Nb5 Be5 22. Bxe5 dxe5 23. Na7 Bd7 24. h4 Rb7 25. Bf1 c4 26. Qc2 Qc7 27. Nc6 Bxc6 28. dxc6 Qxc6 29. Rac1 Qe6 30. Re3 Rc7 31. Kh2 Rc5 32. Bh3 Qc6 33. b3 Nf8 34. Nd2 Ne6 35. Bxe6 Qxe6 36. Nxc4 Nxc4 37. bxc4 Rec8 38. Qe2 Rxc4 39. Rxc4 Rxc4 40. Rd3 Ra4 41. Qf3 1/2-1/2

[Event "Helsinki mestaruus M 2016"]
[Site "Helsinki"]
[Date "2016.01.04"]
[Round "7"]
[White "Parkkinen, Jyrki"]
[Black "Haapasalo, Jukka Pekka"]
[Result "1/2-1/2"]
[WhiteElo "2192"]
[BlackElo "2098"]
[PlyCount "79"]
[EventDate "2015.12.28"]
[EventType "tourn"]
[EventRounds "9"]
[EventCountry "FIN"]
[SourceTitle "EXT 2022"]
[Source "ChessBase"]
[SourceDate "2021.10.06"]
[SourceVersion "1"]
[SourceVersionDate "2021.10.06"]
[SourceQuality "1"]

1. c4 Nf6 2. g3 e5 3. Bg2 c6 4. d4 e4 5. Nc3 d5 6. Bg5 Nbd7 7. cxd5 cxd5 8. Qb3 Bd6 9. f3 h6 10. Bxf6 Nxf6 11. fxe4 dxe4 12. Nxe4 Nxe4 13. Bxe4 Qa5+ 14. Kf2 0-0 15. Nf3 Be6 16. d5 Bh3 17. Bc2 f5 18. e3 Rae8 19. Rhe1 Qc7 20. Rac1 Qf7 21. Qd3 Qh5 22. Ng1 Rf6 23. Bd1 Bg4 24. Kg2 Ref8 25. Rf1 g5 26. Bxg4 Qxg4 27. Rc4 Qh5 28. Ne2 Qf7 29. a4 Be5 30. Nc3 Rd8 31. e4 fxe4 32. Rxe4 Bxc3 33. bxc3 Rxf1 34. Qxf1 Qxd5 35. Qf3 Rf8 36. Rf4 Qd2+ 37. Qf2 Qd5+ 38. Qf3 Qa2+ 39. Qf2 Qd5+ 40. Qf3 1/2-1/2

[Event "Helsinki mestaruus M 2016"]
[Site "Helsinki"]
[Date "2016.01.03"]
[Round "6"]
[White "Haapasalo, Jukka Pekka"]
[Black "Torkkola, Henri"]
[Result "0-1"]
[WhiteElo "2098"]
[BlackElo "2186"]
[PlyCount "70"]
[EventDate "2015.12.28"]
[EventType "tourn"]
[EventRounds "9"]
[EventCountry "FIN"]
[SourceTitle "EXT 2022"]
[Source "ChessBase"]
[SourceDate "2021.10.06"]
[SourceVersion "1"]
[SourceVersionDate "2021.10.06"]
[SourceQuality "1"]

1. e4 e5 2. Nf3 Nc6 3. Bb5 a6 4. Bxc6 dxc6 5. 0-0 Bg4 6. h3 Bh5 7. g4 Bg6 8. Nxe5 Qh4 9. Qf3 f6 10. Nxg6 hxg6 11. d3 g5 12. Kg2 Bd6 13. Be3 Ne7 14. Rh1 Qh7 15. Kf1 Qg8 16. Nd2 Ng6 17. Nc4 Bf4 18. a4 a5 19. Ra3 Qe6 20. Rb3 b6 21. Ke1 Rd8 22. Qe2 Kf7 23. Nd2 c5 24. Ra3 Rh6 25. Nf3 Rdh8 26. Qf1 Ne5 27. Nxe5+ Qxe5 28. d4 Qxe4 29. dxc5 Rd8 30. Rd3 Rhh8 31. cxb6 cxb6 32. Ke2 Rhe8 33. Rxd8 Rxd8 34. Qc1 Bxe3 35. Qxe3 Qxh1 0-1

[Event "Helsinki mestaruus M 2016"]
[Site "Helsinki"]
[Date "2016.01.01"]
[Round "4"]
[White "Haapasalo, Jukka Pekka"]
[Black "Hurme, Harri M"]
[Result "1/2-1/2"]
[WhiteElo "2098"]
[BlackElo "2201"]
[PlyCount "101"]
[EventDate "2015.12.28"]
[EventType "tourn"]
[EventRounds "9"]
[EventCountry "FIN"]
[SourceTitle "EXT 2022"]
[Source "ChessBase"]
[SourceDate "2021.10.06"]
[SourceVersion "1"]
[SourceVersionDate "2021.10.06"]
[SourceQuality "1"]

1. Nf3 Nf6 2. g3 d5 3. Bg2 e6 4. 0-0 Be7 5. d3 0-0 6. Nbd2 c5 7. e4 Nc6 8. Re1 b6 9. a3 Bb7 10. e5 Nd7 11. Nf1 b5 12. h4 a5 13. N1h2 a4 14. Bf4 b4 15. Ng5 Nd4 16. c3 Nb3 17. Rb1 Qa5 18. Qh5 Bxg5 19. Bxg5 bxc3 20. Ng4 Kh8 21. bxc3 Qxc3 22. Rbd1 Ba6 23. Be7 Nd4 24. Bxf8 Rxf8 25. Qg5 Nf5 26. Bxd5 Bxd3 27. Be4 c4 28. Bxf5 exf5 29. Qe7 fxg4 30. Qxd7 Kg8 31. e6 fxe6 32. Qxe6+ Kh8 33. Qf7 Qf6 34. Qxf6 gxf6 35. Re7 Rc8 36. Rde1 Bg6 37. f4 c3 38. f5 Bxf5 39. Re8+ Rxe8 40. Rxe8+ Kg7 41. Re7+ Kg6 42. Kf2 c2 43. Rc7 Be4 44. Ke3 f5 45. Rc4 Kf6 46. Kd4 Ke6 47. Rc5 Kd6 48. Rc4 Ke6 49. Rc5 Kd6 50. Rc4 Ke6 51. Rc5 1/2-1/2

[Event "FIN-chT1B 1516"]
[Site "Finland"]
[Date "2015.09.12"]
[Round "1.2"]
[White "Joentakanen, Kullervo"]
[Black "Haapasalo, Jukka Pekka"]
[Result "1/2-1/2"]
[WhiteElo "2217"]
[BlackElo "2081"]
[PlyCount "81"]
[EventDate "2015.09.12"]
[EventType "team-tourn"]
[EventRounds "8"]
[EventCountry "FIN"]
[SourceTitle "EXT 2017"]
[Source "ChessBase"]
[SourceDate "2016.10.25"]
[SourceVersion "1"]
[SourceVersionDate "2016.10.25"]
[SourceQuality "1"]
[WhiteTeam "Hameenlinna"]
[BlackTeam "Helsinki KSK"]
[WhiteTeamCountry "FIN"]
[BlackTeamCountry "FIN"]

1. d4 Nf6 2. c4 Nc6 3. Nc3 e5 4. d5 Ne7 5. e4 Ng6 6. Be3 Bb4 7. Bd3 Bxc3+ 8. bxc3 d6 9. h3 b6 10. Ne2 h6 11. Qd2 Nh4 12. Rh2 Bd7 13. f3 Ba4 14. Kf2 Qe7 15. g3 Ng6 16. g4 Nh7 17. Ng3 Bd7 18. Rg1 Nh4 19. Nf5 Qf6 20. Ke2 Nxf3 21. Kxf3 g6 22. Ke2 gxf5 23. gxf5 Nf8 24. Qe1 0-0-0 25. Qb1 Nh7 26. c5 dxc5 27. Ba6+ Kb8 28. Bxc5 Bc8 29. Bb5 Rhg8 30. Be3 Qh4 31. Rxg8 Rxg8 32. a4 Nf6 33. Bd3 Qh5+ 34. Kd2 Rg3 35. a5 Rxh3 36. Rxh3 Qxh3 37. axb6 Qg2+ 38. Ke1 Qh1+ 39. Kd2 Qg2+ 40. Ke1 Qh1+ 41. Kd2 1/2-1/2

[Event "Helsinki Easter 4th Group M"]
[Site "Helsinki"]
[Date "2014.04.21"]
[Round "7"]
[White "Haapasalo, Jukka Pekka"]
[Black "Elomaa, Arto"]
[Result "0-1"]
[WhiteElo "2099"]
[BlackElo "2106"]
[PlyCount "80"]
[EventDate "2014.04.17"]
[EventType "tourn"]
[EventRounds "7"]
[EventCountry "FIN"]
[SourceTitle "EXT 2022"]
[Source "ChessBase"]
[SourceDate "2021.10.06"]
[SourceVersion "1"]
[SourceVersionDate "2021.10.06"]
[SourceQuality "1"]

1. Nf3 d6 2. e4 Nf6 3. Nc3 e5 4. d4 exd4 5. Qxd4 Nc6 6. Bb5 Bd7 7. Bxc6 Bxc6 8. Bg5 Be7 9. 0-0-0 0-0 10. Rhe1 Re8 11. Kb1 h6 12. Bh4 Nd7 13. Bxe7 Qxe7 14. Nd5 Qd8 15. Qc3 Ne5 16. Nxe5 Rxe5 17. f4 Re8 18. e5 Bxd5 19. Rxd5 Qh4 20. g3 Qxh2 21. exd6 cxd6 22. Rxd6 Qf2 23. Rdd1 Rad8 24. Rxe8+ Rxe8 25. a4 h5 26. Ka2 h4 27. gxh4 Qxf4 28. Qb3 Qxh4 29. Rd7 Qf2 30. Rxb7 g6 31. Qd5 a6 32. Kb3 Qe3+ 33. c3 Qe6 34. Qxe6 Rxe6 35. c4 g5 36. c5 Kf8 37. Kc4 g4 38. Kd5 g3 39. Rb3 g2 40. Rg3 Rg6 0-1

[Event "Helsinki Easter 4th Group M"]
[Site "Helsinki"]
[Date "2014.04.20"]
[Round "6"]
[White "Seppanen, Ville"]
[Black "Haapasalo, Jukka Pekka"]
[Result "1/2-1/2"]
[WhiteElo "2051"]
[BlackElo "2099"]
[PlyCount "28"]
[EventDate "2014.04.17"]
[EventType "tourn"]
[EventRounds "7"]
[EventCountry "FIN"]
[SourceTitle "EXT 2022"]
[Source "ChessBase"]
[SourceDate "2021.10.06"]
[SourceVersion "1"]
[SourceVersionDate "2021.10.06"]
[SourceQuality "1"]

1. e4 c5 2. Nf3 e6 3. d4 cxd4 4. Nxd4 a6 5. Nc3 Qc7 6. Be2 Nf6 7. Be3 Bb4 8. Qd3 Nxe4 9. 0-0 Nxc3 10. bxc3 Be7 11. f4 Nc6 12. Kh1 Bf6 13. Rae1 Ne7 14. Bf3 d5 1/2-1/2

[Event "Helsinki Easter 4th Group M"]
[Site "Helsinki"]
[Date "2014.04.18"]
[Round "2"]
[White "Haapasalo, Jukka Pekka"]
[Black "Ristoja, Samu"]
[Result "1/2-1/2"]
[WhiteElo "2099"]
[BlackElo "2112"]
[PlyCount "84"]
[EventDate "2014.04.17"]
[EventType "tourn"]
[EventRounds "7"]
[EventCountry "FIN"]
[SourceTitle "EXT 2022"]
[Source "ChessBase"]
[SourceDate "2021.10.06"]
[SourceVersion "1"]
[SourceVersionDate "2021.10.06"]
[SourceQuality "1"]

1. Nf3 d5 2. g3 Nf6 3. Bg2 e6 4. c4 c6 5. b3 Be7 6. 0-0 0-0 7. Bb2 Nbd7 8. Qc2 Rb8 9. d3 b6 10. e4 Bb7 11. Nc3 c5 12. Rae1 d4 13. Nd1 e5 14. Bc1 Nh5 15. Qe2 Bd6 16. Nh4 Nf4 17. gxf4 Qxh4 18. fxe5 Nxe5 19. f4 Ng6 20. e5 Bxg2 21. Qxg2 Bc7 22. Nf2 Qh5 23. Ne4 Kh8 24. Ng3 Qg4 25. f5 Nh4 26. Qc6 Qh3 27. Bg5 Bxe5 28. Bxh4 f6 29. Re4 Rbc8 30. Qe6 Rce8 31. Qc6 Rc8 32. Qb7 Rb8 33. Qxa7 Ra8 34. Qe7 Rfe8 35. Qf7 Rf8 36. Qe7 Rfe8 37. Qd7 Red8 38. Qf7 Rxa2 39. Rf2 Ra1+ 40. Rf1 Ra2 41. Rf2 Ra1+ 42. Rf1 Ra2 1/2-1/2

[Event "Helsinki Easter 4th Group M"]
[Site "Helsinki"]
[Date "2014.04.17"]
[Round "1"]
[White "Klein, Felix"]
[Black "Haapasalo, Jukka Pekka"]
[Result "1-0"]
[WhiteElo "2288"]
[BlackElo "2099"]
[PlyCount "45"]
[EventDate "2014.04.17"]
[EventType "tourn"]
[EventRounds "7"]
[EventCountry "FIN"]
[SourceTitle "EXT 2022"]
[Source "ChessBase"]
[SourceDate "2021.10.06"]
[SourceVersion "1"]
[SourceVersionDate "2021.10.06"]
[SourceQuality "1"]

1. e4 c5 2. Nf3 e6 3. d4 cxd4 4. Nxd4 Nc6 5. Nc3 a6 6. Be3 Qc7 7. Qd2 Nf6 8. 0-0-0 Ne5 9. f4 Nc4 10. Bxc4 Qxc4 11. e5 Nd5 12. Nxd5 Qxd5 13. Kb1 d6 14. exd6 Bxd6 15. Nxe6 fxe6 16. Qc3 Qxg2 17. Rhg1 Qc6 18. Qxc6+ bxc6 19. Rxd6 0-0 20. Rxc6 g6 21. h4 e5 22. fxe5 Rf3 23. Bg5 1-0

[Event "FIN Team Cup"]
[Site "Finland"]
[Date "2014.04.13"]
[Round "2.2"]
[White "Haapasalo, Jukka Pekka"]
[Black "Auvinen, Esa"]
[Result "1-0"]
[WhiteElo "2103"]
[BlackElo "1979"]
[PlyCount "125"]
[EventDate "2014.03.29"]
[EventType "team-k.o."]
[EventRounds "6"]
[EventCountry "FIN"]
[SourceTitle "EXT 2022"]
[Source "ChessBase"]
[SourceDate "2021.10.06"]
[SourceVersion "1"]
[SourceVersionDate "2021.10.06"]
[SourceQuality "1"]
[WhiteTeam "Helsinki KapSK"]
[BlackTeam "Espoo SK"]
[WhiteTeamCountry "FIN"]
[BlackTeamCountry "FIN"]

1. Nf3 d5 2. c4 e6 3. g3 Nf6 4. Bg2 Be7 5. 0-0 0-0 6. Qc2 b6 7. d4 Bb7 8. Ne5 c5 9. cxd5 Bxd5 10. e4 Bb7 11. dxc5 Bxc5 12. Nc3 Nc6 13. Nxc6 Bxc6 14. Bg5 Be7 15. Rfd1 Qc8 16. e5 Nd5 17. Nxd5 Bxg5 18. Nxb6 axb6 19. Qxc6 Qxc6 20. Bxc6 Ra5 21. f4 Be7 22. Rd7 Bc5+ 23. Kg2 Rc8 24. Bb7 Rb8 25. Be4 Ra4 26. Kf3 Rd4 27. Rd1 Rxd1 28. Rxd1 Rc8 29. Bb7 Rb8 30. Rd7 Kf8 31. Be4 h6 32. g4 Rc8 33. Bb7 Rb8 34. a3 Be7 35. Ke4 Rd8 36. Rxd8+ Bxd8 37. Bc8 Ke7 38. h4 f6 39. exf6+ gxf6 40. h5 Kd6 41. f5 e5 42. Ba6 Be7 43. b4 Bf8 44. Kd3 Kd5 45. Bb7+ Kd6 46. Be4 b5 47. Bb7 Be7 48. Be4 Bf8 49. Kc3 Be7 50. Bd3 Kc6 51. Bc2 Bf8 52. Bb3 Bd6 53. Kd3 Be7 54. Bf7 Bf8 55. Be8+ Kb6 56. Ke4 Bd6 57. Kd5 Bf8 58. Bd7 Bg7 59. a4 bxa4 60. Bxa4 Bf8 61. Ke6 Bxb4 62. Kxf6 e4 63. Kg6 1-0

[Event "FIN-chT1 East 1314"]
[Site "Finland"]
[Date "2014.01.11"]
[Round "5.6"]
[White "Tuovinen, Jukka"]
[Black "Haapasalo, Jukka Pekka"]
[Result "1/2-1/2"]
[WhiteElo "2064"]
[BlackElo "2089"]
[PlyCount "82"]
[EventDate "2013.09.21"]
[EventType "team-tourn"]
[EventRounds "9"]
[EventCountry "FIN"]
[SourceTitle "EXT 2022"]
[Source "ChessBase"]
[SourceDate "2021.10.06"]
[SourceVersion "1"]
[SourceVersionDate "2021.10.06"]
[SourceQuality "1"]
[WhiteTeam "Helsinki SSK"]
[BlackTeam "Tampere Tammer II"]
[WhiteTeamCountry "FIN"]
[BlackTeamCountry "FIN"]

1. e4 c5 2. c3 Nf6 3. e5 Nd5 4. d4 cxd4 5. Qxd4 e6 6. Nf3 Nc6 7. Qe4 d6 8. Nbd2 Bd7 9. Nc4 Nxc3 10. bxc3 d5 11. Qf4 dxc4 12. Bxc4 Be7 13. 0-0 Qa5 14. Rb1 Qc7 15. Rd1 0-0 16. Qg3 Rfd8 17. Be2 Be8 18. Bh6 Bf8 19. Bg5 Rxd1+ 20. Bxd1 Ne7 21. Nd4 a6 22. Bb3 Nc6 23. Nxc6 Bxc6 24. Rd1 Be4 25. Rd4 Bf5 26. Rc4 Qd7 27. Qe3 Rc8 28. Rxc8 Qxc8 29. Qd4 h6 30. Be3 Be7 31. h3 Qd8 32. Qxd8+ Bxd8 33. f4 Be4 34. Kf2 Kf8 35. Bc5+ Be7 36. Bxe7+ Kxe7 37. g3 Kd7 38. Ke3 Bg2 39. h4 Bh3 40. Kd4 Kc6 41. c4 Bg4 1/2-1/2

[Event "Helsinki-ch 2014 Group M"]
[Site "Helsinki"]
[Date "2013.12.31"]
[Round "3"]
[White "Koskinen, Veikko"]
[Black "Haapasalo, Jukka Pekka"]
[Result "1-0"]
[WhiteElo "1982"]
[BlackElo "2089"]
[PlyCount "20"]
[EventDate "2013.12.29"]
[EventType "tourn"]
[EventRounds "9"]
[EventCountry "FIN"]
[SourceTitle "EXT 2022"]
[Source "ChessBase"]
[SourceDate "2021.10.06"]
[SourceVersion "1"]
[SourceVersionDate "2021.10.06"]
[SourceQuality "1"]

1. e4 c5 2. b3 d6 3. Bb2 Nf6 4. Bb5+ Bd7 5. Bxd7+ Nbxd7 6. d3 e5 7. f4 exf4 8. Nh3 g6 9. Nxf4 Bg7 10. 0-0 0-0 1-0

[Event "FIN-chT 1213"]
[Site "Finland"]
[Date "2012.09.30"]
[Round "3.8"]
[White "Manninen, Anssi"]
[Black "Haapasalo, Jukka Pekka"]
[Result "1-0"]
[WhiteElo "2091"]
[BlackElo "2102"]
[PlyCount "69"]
[EventDate "2012.09.28"]
[EventType "team-tourn"]
[EventRounds "11"]
[EventCountry "FIN"]
[SourceTitle "CBM 150 Extra"]
[Source "ChessBase"]
[SourceDate "2012.10.19"]
[SourceVersion "1"]
[SourceVersionDate "2012.10.19"]
[SourceQuality "1"]
[WhiteTeam "Oulu OSS"]
[BlackTeam "Tammer Shakki"]
[WhiteTeamCountry "FIN"]
[BlackTeamCountry "FIN"]

1. d4 Nf6 2. c4 e6 3. Nc3 Bb4 4. e3 Nc6 5. Nge2 0-0 6. a3 Be7 7. e4 d6 8. f3 a5 9. Be3 Nd7 10. Ng3 e5 11. d5 Nd4 12. Bxd4 exd4 13. Qxd4 Bf6 14. Qd1 Be5 15. Bd3 Qg5 16. Nce2 Bxb2 17. Ra2 Be5 18. 0-0 Qe3+ 19. Kh1 g6 20. f4 Bg7 21. Nc1 a4 22. Rf3 Qd4 23. Nce2 Qb6 24. Bc2 Nc5 25. h3 Qa6 26. Bd3 Bd7 27. Qc2 Qb6 28. Nc1 Rae8 29. f5 Bh6 30. Rb2 Qa5 31. Kh2 Qe1 32. Nce2 Qa1 33. Qc3 Qd1 34. Bb1 Nb3 35. Rd3 1-0

[Event "Heart of Finland op 22nd"]
[Site "Jyvaskyla"]
[Date "2012.07.12"]
[Round "6"]
[White "Mertanen, Janne"]
[Black "Haapasalo, Jukka Pekka"]
[Result "1/2-1/2"]
[WhiteElo "2374"]
[BlackElo "2077"]
[PlyCount "83"]
[EventDate "2012.07.09"]
[EventType "swiss"]
[EventRounds "9"]
[EventCountry "FIN"]
[SourceTitle "EXT 2022"]
[Source "ChessBase"]
[SourceDate "2021.10.06"]
[SourceVersion "1"]
[SourceVersionDate "2021.10.06"]
[SourceQuality "1"]

1. d4 e6 2. e4 d5 3. Nc3 dxe4 4. Nxe4 Nd7 5. Nf3 Ngf6 6. Nxf6+ Nxf6 7. c3 Be7 8. Bd3 0-0 9. Bg5 b6 10. Qc2 h6 11. Bxf6 Bxf6 12. Be4 Rb8 13. 0-0-0 Bb7 14. Rhe1 Bxe4 15. Qxe4 Qd5 16. Qxd5 exd5 17. Ne5 Rbd8 18. f4 Bxe5 19. Rxe5 Rfe8 20. Rde1 Kf8 21. Kd2 g6 22. Kd3 Rxe5 23. fxe5 Ke7 24. Rf1 f5 25. Rc1 Ke6 26. b4 a6 27. h4 f4 28. Rf1 Kf5 29. g3 g5 30. gxf4 gxf4 31. Rg1 c5 32. h5 cxb4 33. cxb4 Re8 34. Rg6 Re6 35. Rg8 Rc6 36. Rd8 f3 37. Rf8+ Kg4 38. Rf6 Rc1 39. Kd2 Rc4 40. Kd3 Rc1 41. Kd2 Rc4 42. Kd3 1/2-1/2

[Event "Helsinki-ch 2012 HSL 75 Group Ch"]
[Site "Helsinki"]
[Date "2012.??.??"]
[Round "10"]
[White "Haapasalo, Jukka Pekka"]
[Black "Kangas, Lauri"]
[Result "1-0"]
[WhiteElo "2083"]
[BlackElo "2043"]
[PlyCount "85"]
[EventDate "2012.??.??"]
[EventType "swiss"]
[EventRounds "11"]
[EventCountry "FIN"]
[SourceTitle "EXT 2022"]
[Source "ChessBase"]
[SourceDate "2021.10.06"]
[SourceVersion "1"]
[SourceVersionDate "2021.10.06"]
[SourceQuality "1"]

1. e4 e5 2. Nf3 Nc6 3. Bb5 a6 4. Ba4 Bc5 5. 0-0 Nf6 6. Bxc6 dxc6 7. Nxe5 Nxe4 8. Qe2 Qd5 9. Nd3 0-0 10. Nxc5 Nxc5 11. d3 Bf5 12. Nc3 Qe6 13. Be3 Rfe8 14. Qf3 Nd7 15. Qg3 Ne5 16. Bf4 f6 17. Rfe1 c5 18. Re3 Qb6 19. Nd5 Qxb2 20. Nxf6+ Kf7 21. Bxe5 Rxe5 22. Qxe5 Qxe5 23. Rxe5 Kxf6 24. Rxc5 Rc8 25. a4 b6 26. Rc4 c6 27. f3 h5 28. h4 Be6 29. Rf4+ Ke5 30. Re4+ Kf6 31. Rae1 Bd5 32. Re5 b5 33. Rxh5 bxa4 34. Ra1 Rb8 35. c4 Bf7 36. Rc5 Rb6 37. Rxa4 Bg6 38. Ra3 Be8 39. Kf2 Ke6 40. Rg5 g6 41. Ke3 Bf7 42. Kd4 Kd7 43. Kc5 1-0

[Event "Helsinki-ch 2012 HSL 75 Group Ch"]
[Site "Helsinki"]
[Date "2012.??.??"]
[Round "7"]
[White "Tuovinen, Jukka"]
[Black "Haapasalo, Jukka Pekka"]
[Result "1/2-1/2"]
[WhiteElo "2056"]
[BlackElo "2083"]
[PlyCount "32"]
[EventDate "2012.??.??"]
[EventType "swiss"]
[EventRounds "11"]
[EventCountry "FIN"]
[SourceTitle "EXT 2022"]
[Source "ChessBase"]
[SourceDate "2021.10.06"]
[SourceVersion "1"]
[SourceVersionDate "2021.10.06"]
[SourceQuality "1"]

1. e4 c5 2. Nf3 e6 3. d4 cxd4 4. Nxd4 a6 5. c4 Nf6 6. Nc3 Bb4 7. Bd3 Nc6 8. Nxc6 dxc6 9. e5 Qa5 10. exf6 Bxc3+ 11. bxc3 Qxc3+ 12. Bd2 Qxd3 13. fxg7 Rg8 14. Bh6 Qc3+ 15. Kf1 Qf6 16. Qc1 e5 1/2-1/2

[Event "Helsinki We KapSK A"]
[Site "Helsinki"]
[Date "2011.11.13"]
[Round "4"]
[White "Haapasalo, Jukka Pekka"]
[Black "Syvalahti, Heikki"]
[Result "1/2-1/2"]
[WhiteElo "2094"]
[BlackElo "1830"]
[PlyCount "42"]
[EventDate "2011.11.11"]
[EventType "swiss"]
[EventRounds "5"]
[EventCountry "FIN"]
[SourceTitle "EXT 2022"]
[Source "ChessBase"]
[SourceDate "2021.10.06"]
[SourceVersion "1"]
[SourceVersionDate "2021.10.06"]
[SourceQuality "1"]

1. d4 f5 2. Nc3 d5 3. Bf4 c6 4. e3 e6 5. Bd3 Nf6 6. Nf3 Bd6 7. 0-0 0-0 8. Ne2 Ne4 9. c4 Kh8 10. Bxd6 Qxd6 11. Ne5 Nd7 12. f4 Nxe5 13. dxe5 Qe7 14. Rc1 Bd7 15. Bxe4 fxe4 16. Ng3 g6 17. Qd2 a5 18. Rfd1 Rfd8 19. c5 Be8 20. Qc3 Rab8 21. Ne2 b6 1/2-1/2